MARC

LEADER 00000nam0a2200000 4500
001 262292
005 20231101233635.0
035 |a (RuTPU)RU\TPU\book\285274 
035 |a RU\TPU\book\285235 
035 |a RU\TPU\book\275276 
090 |a 262292 
100 |a 20140530d1965 m y0rusy50 ca 
101 0 |a rus 
102 |a RU 
105 |a a j 000zy 
200 1 |a Курс начертательной геометрии  |e учебное пособие для втузов  |f В. О. Гордон, М. А. Семенцов-Огиевский  |g под ред. В. О. Гордона 
205 |a 17-е изд., стер. 
210 |a Москва  |c Наука  |d 1965 
215 |a 360 с.  |c черт. 
606 1 |a Начертательная геометрия  |2 stltpush  |3 (RuTPU)RU\TPU\subj\45211  |9 64468 
610 1 |a учебные пособия 
610 1 |a проекции 
610 1 |a точки 
610 1 |a прямые 
610 1 |a плоскости 
610 1 |a прямые линии 
610 1 |a взаимное положение 
610 1 |a вращение 
610 1 |a многогранники 
610 1 |a кривые линии 
610 1 |a кривые поверхности 
610 1 |a пересечение 
610 1 |a развертывание 
610 1 |a аксонометрические проекции 
610 1 |a поверхности 
675 |a 514.18(075.8)  |v 3 
700 1 |a Гордон  |b В. О.  |g Владимир Осипович 
701 1 |a Семенцов-Огиевский  |b М. А.  |g Михаил Алексеевич 
702 1 |a Гордон  |b В. О.  |g Владимир Осипович  |4 340 
801 1 |a RU  |b 63413507  |c 20140306 
801 2 |a RU  |b 63413507  |c 20140603  |g RCR 
942 |c BK